<?xml version="1.0" encoding="UTF-8"?>
<record
    xmlns:xsi="http://www.w3.org/2001/XMLSchema-instance"
    xsi:schemaLocation="http://www.loc.gov/MARC21/slim http://www.loc.gov/standards/marcxml/schema/MARC21slim.xsd"
    xmlns="http://www.loc.gov/MARC21/slim">

  <leader>04119cam a2200373   4500500</leader>
  <controlfield tag="005">20260111094703.0</controlfield>
  <datafield tag="041" ind1=" " ind2=" ">
    <subfield code="a">fre</subfield>
  </datafield>
  <datafield tag="042" ind1=" " ind2=" ">
    <subfield code="a">dc</subfield>
  </datafield>
  <datafield tag="100" ind1="1" ind2="0">
    <subfield code="a">Bourdon, Jean-Paul</subfield>
    <subfield code="e">author</subfield>
  </datafield>
  <datafield tag="245" ind1="0" ind2="0">
    <subfield code="a">Une mise au point d&#xE9;licate</subfield>
  </datafield>
  <datafield tag="260" ind1=" " ind2=" ">
    <subfield code="c">2013.
							</subfield>
  </datafield>
  <datafield tag="500" ind1=" " ind2=" ">
    <subfield code="a">24</subfield>
  </datafield>
  <datafield tag="520" ind1=" " ind2=" ">
    <subfield code="a">Fabriquer une herse pour recouvrir les semailles de froment dans le nord de la France n&#x2019;est pas aussi facile qu&#x2019;on peut l&#x2019;imaginer. La construction et la mise au point de l&#x2019;instrument n&#xE9;cessitent des mat&#xE9;riaux tr&#xE8;s travaill&#xE9;s, assembl&#xE9;s avec une grande pr&#xE9;cision par le charpentier. Le mar&#xE9;chal-ferrant doit fabriquer les dents une &#xE0; une, les implanter dans le b&#xE2;ti et, moment de v&#xE9;rit&#xE9;, &#xE9;quilibrer parfaitement la herse. Afin de montrer que cet instrument tir&#xE9; par la force animale &#xE9;tait arriv&#xE9; au fil des si&#xE8;cles &#xE0; un grand degr&#xE9; de sophistication, il est n&#xE9;cessaire de retracer dans le plus grand d&#xE9;tail toutes les &#xE9;tapes de sa fabrication, d&#x2019;apr&#xE8;s des t&#xE9;moignages recueillis &#xE0; la fin des ann&#xE9;es 1970. M&#xEA;me dans une r&#xE9;gion de petite agriculture peu productive, les utilisateurs ne pouvaient se satisfaire d&#x2019;une herse qui n&#x2019;aurait pas fonctionn&#xE9; comme il le fallait. En effet, le mouvement de cet instrument est tr&#xE8;s particulier. Il ne suit pas passivement l&#x2019;animal qui le tra&#xEE;ne, mais se meut comme une couleuvre. Tout d&#xE9;pend du savoir-faire des artisans ruraux.</subfield>
  </datafield>
  <datafield tag="520" ind1=" " ind2=" ">
    <subfield code="a">Building a harrow to cover wheat seedings in the North of France was not as easy as one would think. Building and perfecting the tool required highly elaborated materials, adjusted with a high degree of precision by the carpenter. The blacksmith had to make the teeth one by one, plant them in the frame, and, in a moment of truth, make sure the harrow was perfectly balance. To show the extent to which this animal-powered tool had reached a high level of sophistication over the centuries, one must retrace in detail every step of its construction, based on testimonies gathered in the late 1970s. Even in an area where agriculture was characterized by small, poorly productive landholdings, users could not content themselves with a harrow which would not perform as it was supposed to. Indeed, the way the harrow moves is highly specific&#xA0;; it does not merely follow whatever animal draws it, it progresses snake-like. The whole endeavour thus depended on the know-how of rural craftsmen.</subfield>
  </datafield>
  <datafield tag="520" ind1=" " ind2=" ">
    <subfield code="a">Fabricar una reja para cubrir los sembrados de trigo en el norte de Francia no es tan f&#xE1;cil como uno podr&#xED;a imaginar. La construcci&#xF3;n y la puesta a punto del instrumento necesitan unos materiales muy trabajados, juntados con gran precisi&#xF3;n por el carpintero. El herrero tiene que forjar los dientes uno por uno, fijarlas en las maderas y, momento de verdad, equilibrar perfectamente la reja. Para demostrar que este instrumento de tracci&#xF3;n animal hab&#xED;a llegado al hilo de los siglos a un alto grado de sofisticaci&#xF3;n, es necesario recordar en los m&#xE1;s m&#xED;nimos detalles las etapas de su fabricaci&#xF3;n, por lo cual utilizamos testimonios de finales de los a&#xF1;os 1970. Aun en una zona de peque&#xF1;o cultivo, los utilizadores no pod&#xED;an conformarse con una reja que no hubiera funcionado como ten&#xED;a que hacer. Y es que el movimiento de este instrumento es muy particular: no sigue pasivamente al animal que tira del, sino que se mueve como una culebra. Todo depende pues de la habilidad de los artesanos rurales.</subfield>
  </datafield>
  <datafield tag="690" ind1=" " ind2=" ">
    <subfield code="a">artisans ruraux</subfield>
  </datafield>
  <datafield tag="690" ind1=" " ind2=" ">
    <subfield code="a">charpentier</subfield>
  </datafield>
  <datafield tag="690" ind1=" " ind2=" ">
    <subfield code="a">charrue</subfield>
  </datafield>
  <datafield tag="690" ind1=" " ind2=" ">
    <subfield code="a">Cotentin</subfield>
  </datafield>
  <datafield tag="690" ind1=" " ind2=" ">
    <subfield code="a">herse</subfield>
  </datafield>
  <datafield tag="690" ind1=" " ind2=" ">
    <subfield code="a">ligne Saint-Malo-Bayeux-Gen&#xE8;ve</subfield>
  </datafield>
  <datafield tag="690" ind1=" " ind2=" ">
    <subfield code="a">mar&#xE9;chal-ferrant</subfield>
  </datafield>
  <datafield tag="690" ind1=" " ind2=" ">
    <subfield code="a">semer dessus</subfield>
  </datafield>
  <datafield tag="690" ind1=" " ind2=" ">
    <subfield code="a">blacksmith</subfield>
  </datafield>
  <datafield tag="690" ind1=" " ind2=" ">
    <subfield code="a">carpenter</subfield>
  </datafield>
  <datafield tag="690" ind1=" " ind2=" ">
    <subfield code="a">Cotentin</subfield>
  </datafield>
  <datafield tag="690" ind1=" " ind2=" ">
    <subfield code="a">harrow</subfield>
  </datafield>
  <datafield tag="690" ind1=" " ind2=" ">
    <subfield code="a">plough</subfield>
  </datafield>
  <datafield tag="690" ind1=" " ind2=" ">
    <subfield code="a">rural craftsmen</subfield>
  </datafield>
  <datafield tag="690" ind1=" " ind2=" ">
    <subfield code="a">Saint-Malo-Bayeux-Geneva line</subfield>
  </datafield>
  <datafield tag="690" ind1=" " ind2=" ">
    <subfield code="a">sowing over</subfield>
  </datafield>
  <datafield tag="786" ind1="0" ind2=" ">
    <subfield code="n">Histoire &amp;amp; Soci&#xE9;t&#xE9;s Rurales | 39 | 1 | 2013-06-10 | p. 127-144 | 1254-728X</subfield>
  </datafield>
  <datafield tag="856" ind1="4" ind2="1">
    <subfield code="u">https://shs.cairn.info/revue-histoire-et-societes-rurales-2013-1-page-127?lang=fr&amp;redirect-ssocas=7080</subfield>
  </datafield>
  <datafield tag="999" ind1=" " ind2=" ">
    <subfield code="c">1629049</subfield>
    <subfield code="d">1629049</subfield>
  </datafield>
</record>
